Estadística /
El surgimiento de la estadística como una parte de la aritmética aplicada a problemas poblacionales, y su presencia en todos los medios de difusión masiva y de divulgación científica. Posibilidad de predicciones de base estadística para la toma de decisiones. Términos clave: población, muestra y par...
Guardado en:
| Autor Principal: | |
|---|---|
| Autor Corporativo: | |
| Formato: | |
| Publicado: |
Argentina,
2009
|
| Series: | Horizontes Matemática - Capítulo 15
|
| Materias: | |
| Acceso en línea: | https://www.educ.ar/recursos/50801/estadistica |
| Etiquetas: |
Agregar Etiqueta
Sin Etiquetas, Sea el primero en etiquetar este registro!
|
| LEADER | 01187ngm a22002775g 4500 | ||
|---|---|---|---|
| 001 | CEM.cems023571 | ||
| 008 | 130507s2009##################0###0#####d | ||
| 005 | 20250605181709.0 | ||
| 245 | 1 | 0 | |a Estadística / |c Oski Guzmán. |
| 260 | |a Argentina, |c 2009 | ||
| 300 | |a 28'. | ||
| 490 | 0 | |a Horizontes Matemática - Capítulo 15 | |
| 520 | |a El surgimiento de la estadística como una parte de la aritmética aplicada a problemas poblacionales, y su presencia en todos los medios de difusión masiva y de divulgación científica. Posibilidad de predicciones de base estadística para la toma de decisiones. Términos clave: población, muestra y parámetros, medidas de tendencia central: mediana, moda, promedio. | ||
| 538 | |a Soporte: DVD - Color: Si - Grabación DRD | ||
| 500 | |a Consultar en ventanilla. | ||
| 100 | 1 | |a Guzmán, Oski | |
| 710 | 2 | |a Canal Enceuntro. | |
| 082 | 5 | 1 | |/ GUZ |
| 653 | |a ESTADISTICA | ||
| 653 | |a MATEMATICA | ||
| 653 | |a DEMOGRAFIA | ||
| 653 | |a ARITMETICA | ||
| 653 | |a SERIE DE TELEVISIÓN | ||
| 653 | |a DOCUMENTAL | ||
| 856 | |u https://www.educ.ar/recursos/50801/estadistica | ||
| 859 | |a CEMS |b BIB. CEMS - Depto. Recursos Didacticos |h 519 |i GUZ |k DRD |p 2214.15 |t Ej.1 | ||
